000 01525nam a22001577a 4500
041 _aukr
080 _a09
090 _bМАР
100 _aМартинюк Н.О.
245 _aЗасоби контрастного зображення у тексті
260 _aОстрог
_bКАФ
_c2007
300 _a47
520 _aВступ Розділ 1. Обгрунтування поняття контрасту та мовні засоби його вираження. 1.1 Антитеза як філософська категорія. 1.2 Термінологічне та семантичне визначення контрасту. 1.3 Контрастуюча лексика. 1.4 Контраст на граматичному рівні. Розділ 2. Характеристика текстових опощицій. 2.1 Стилістичний контраст у творі. 2.2 Відмінності в розповіді від першої особи та третьої особи. 2.3 Опозиції мови автора та мови персонажів. 2.4 Чергування статистичних та динамічних відрізків в мові твору. 2.5 Аналіз художнього тексту з точки зору текстових опозицій. Висновки Список використаної літератури Додатки
_0лексикографія, контраст, стилістика
650 _aResearch Papers
999 _c283964
_d283964
942 _cBK